000 00644nam a2200241 a 4500
005 20140310183451.0
008 090108s19uu xx 00 eng d
020 _a97801387563
050 _aHF 5681.B2
_b.F764 2007
100 _aFraser, Lyn M.
245 _aUnderstanding financial statements /
_cLyn M. Fraser.
250 _a8th ed.
260 _aNew Jersey :
_bPearson Education,
_c2007.
300 _a274 p. :
_c25 cm.
521 _aBSA
650 _aBSBA.
650 _aFinancial statements.
650 _aCorporation reports.
700 _aOrmiston, Aileen
942 _cBK
_2lcc
_kFOR
999 _c23435
_d23435